[Event "Hastings Hybrid KO/Open"]
[Site "Hastings"]
[Date "2004.12.28"]
[Round "1"]
[White "Belov, Vladimir"]
[Black "Cafferty, Bernard"]
[Result "1-0"]
[WhiteElo "2552"]
[BlackElo "2218"]
[PlyCount "73"]
[EventDate "2004.12.28"]
[EventType "swiss"]
[EventCountry "ENG"]
[SourceTitle "BCM-0004"]
[Source "bcmchess.co.uk"]
[SourceDate "2005.02.07"]
[SourceVersion "1"]
[SourceVersionDate "2005.02.07"]
[SourceQuality "2"]

1. d4 Nf6 2. c4 e6 3. Nc3 Bb4 4. Qc2 O-O 5. a3 Bxc3+ 6. Qxc3 b6 7. Nf3 Bb7 8.
e3 Ne4 9. Qc2 f5 10. Be2 a5 11. b3 d6 12. O-O Nd7 13. Nd2 Qh4 14. f3 Nxd2 15.
Qxd2 e5 16. Bb2 Rfe8 17. b4 Qg5 18. d5 Ra7 19. f4 Qg6 20. Bd3 e4 21. Be2 Nf6
22. Bc3 axb4 23. axb4 Rea8 24. Rxa7 Rxa7 25. Qb2 b5 26. Bd4 Ra8 27. cxb5 Bxd5
28. Ra1 Rc8 29. Ra7 Ne8 30. Qc3 Qe6 31. h3 g6 32. Qc1 c5 33. bxc5 dxc5 34. Bb2
Qb6 35. Qc3 Kf8 36. Qh8+ Bg8 37. Bg7+ 1-0

[Event "Hastings Hybrid KO/Open"]
[Site "Hastings"]
[Date "2004.12.28"]
[Round "1"]
[White "Kotronias, Vasilios"]
[Black "Harper, Ryan"]
[Result "1-0"]
[WhiteElo "2599"]
[BlackElo "2246"]
[PlyCount "105"]
[EventDate "2004.12.28"]
[EventType "swiss"]
[EventCountry "ENG"]
[SourceTitle "BCM-0004"]
[Source "bcmchess.co.uk"]
[SourceDate "2005.02.07"]
[SourceVersion "1"]
[SourceVersionDate "2005.02.07"]
[SourceQuality "2"]

1. e4 c5 2. Nf3 d6 3. d4 cxd4 4. Nxd4 Nf6 5. Nc3 g6 6. Be3 Bg7 7. f3 O-O 8. Qd2
Bd7 9. O-O-O Nc6 10. Bc4 Rc8 11. Kb1 Ne5 12. Bb3 Nc4 13. Bxc4 Rxc4 14. g4 Re8
15. h4 b5 16. h5 b4 17. Nd5 e6 18. Nxf6+ Qxf6 19. hxg6 hxg6 20. Qh2 e5 21. g5
Qe7 22. Nf5 gxf5 23. Qh7+ Kf8 24. exf5 Bxf5 25. Qxf5 Qe6 26. Qxe6 Rxe6 27. Bxa7
Rf4 28. Rd3 f6 29. gxf6 Rexf6 30. Bb8 Ke7 31. Rhd1 Rxf3 32. Bxd6+ Ke6 33. Bxb4
e4 34. Rd7 Bf8 35. Bc3 R6f5 36. R7d4 e3 37. Re4+ Kf7 38. a4 Bc5 39. Rd7+ Kg6
40. Rg7+ Kh5 41. a5 R3f4 42. Re8 Rf8 43. Re5+ R8f5 44. Rxf5+ Rxf5 45. b4 Bf8
46. Rb7 Rf1+ 47. Kb2 e2 48. a6 Rf6 49. Rb5+ Kg4 50. Re5 Rxa6 51. Rxe2 Rb6 52.
Kb3 Kf5 53. Rf2+ 1-0

[Event "Hastings Hybrid KO/Open"]
[Site "Hastings"]
[Date "2004.12.28"]
[Round "1"]
[White "Neverov, Valery"]
[Black "Kaufman, Raymond"]
[Result "0-1"]
[WhiteElo "2536"]
[BlackElo "2211"]
[PlyCount "78"]
[EventDate "2004.12.28"]
[EventType "swiss"]
[EventCountry "ENG"]
[SourceTitle "BCM-0004"]
[Source "bcmchess.co.uk"]
[SourceDate "2005.02.07"]
[SourceVersion "1"]
[SourceVersionDate "2005.02.07"]
[SourceQuality "2"]

1. Nf3 d5 2. c4 c6 3. e3 Nf6 4. Nc3 a6 5. Qc2 Bg4 6. Ne5 Bh5 7. d4 e6 8. Bd3
Nbd7 9. f4 Nxe5 10. fxe5 Nd7 11. O-O Be7 12. b3 Bg6 13. Bxg6 hxg6 14. Bb2 O-O
15. Rf3 Rc8 16. Raf1 b5 17. c5 g5 18. Rh3 f5 19. exf6 Nxf6 20. b4 g4 21. Rg3
Qe8 22. Qe2 Qh5 23. e4 dxe4 24. Re1 Qf5 25. Re3 Nd5 26. Rxe4 Nf4 27. Qd1 Nh3+
28. gxh3 Qf2+ 29. Kh1 Qxb2 30. Qb3 Qxb3 31. axb3 gxh3 32. Rxe6 Bf6 33. Rd6 Rce8
34. Rg1 Re3 35. Nd1 Rxb3 36. d5 Bd4 37. dxc6 Bxg1 38. c7 Bxc5 39. Rd8 Rbf3 0-1

[Event "Hastings Hybrid KO/Open"]
[Site "Hastings"]
[Date "2004.12.28"]
[Round "1"]
[White "Rayner, Francis"]
[Black "Hebden, Mark L"]
[Result "0-1"]
[WhiteElo "2212"]
[BlackElo "2550"]
[PlyCount "106"]
[EventDate "2004.12.28"]
[EventType "swiss"]
[EventCountry "ENG"]
[SourceTitle "BCM-0004"]
[Source "bcmchess.co.uk"]
[SourceDate "2005.02.07"]
[SourceVersion "1"]
[SourceVersionDate "2005.02.07"]
[SourceQuality "2"]

1. c4 g6 2. Nc3 Bg7 3. d4 Nf6 4. e4 d6 5. f3 O-O 6. Be3 c5 7. Nge2 Nc6 8. Qd2
e6 9. d5 Ne5 10. Ng3 a6 11. Be2 b5 12. cxb5 exd5 13. exd5 axb5 14. Bxb5 Qa5 15.
O-O Ba6 16. Bxa6 Qxa6 17. b3 Rfe8 18. Rad1 c4 19. Bh6 Bh8 20. Kh1 cxb3 21. axb3
Rab8 22. Rb1 Qa3 23. Nce4 Nxe4 24. Nxe4 f5 25. Ng3 Nf7 26. Be3 Rxb3 27. Rxb3
Qxb3 28. Bg1 Bf6 29. Rd1 Ne5 30. Re1 Ra8 31. f4 Ra2 32. Qd1 Qxd1 33. Rxd1 Ng4
34. Nf1 Bc3 35. Ne3 Nf6 36. h3 Bd2 37. Nc4 Bxf4 38. Bh2 Ne4 39. Rb1 Ng3+ 40.
Bxg3 Bxg3 41. Rd1 Ra4 42. Ne3 h5 43. Nf1 h4 44. Kg1 Kg7 45. Ne3 Kf6 46. Kf1
Rf4+ 47. Ke2 Rf2+ 48. Kd3 Bf4 49. Rg1 Kg5 50. Nf1 Ra2 51. Kc4 Kf6 52. g3 hxg3
53. Nxg3 Rh2 0-1

[Event "Hastings Hybrid KO/Open"]
[Site "Hastings"]
[Date "2004.12.28"]
[Round "1"]
[White "Socko, Bartosz"]
[Black "Anderton, Matthew N"]
[Result "1-0"]
[WhiteElo "2570"]
[BlackElo "2233"]
[PlyCount "71"]
[EventDate "2004.12.28"]
[EventType "swiss"]
[EventCountry "ENG"]
[SourceTitle "BCM-0004"]
[Source "bcmchess.co.uk"]
[SourceDate "2005.02.07"]
[SourceVersion "1"]
[SourceVersionDate "2005.02.07"]
[SourceQuality "2"]

1. e4 e6 2. d4 d5 3. Nc3 Bb4 4. e5 c5 5. a3 Bxc3+ 6. bxc3 Ne7 7. Nf3 Qc7 8. h4
Nbc6 9. h5 h6 10. Bd3 Bd7 11. O-O c4 12. Be2 O-O-O 13. Bf4 g5 14. Bg3 Qa5 15.
Qe1 Nf5 16. Nh2 Nce7 17. Bg4 Ba4 18. Ra2 Kb8 19. f4 Ka8 20. fxg5 hxg5 21. Bf2
Rdg8 22. Be2 Ng7 23. g4 Nxh5 24. gxh5 g4 25. Bg3 Nf5 26. Bxg4 Rxh5 27. Rxf5
exf5 28. Bxh5 f4 29. Nf1 Qc7 30. e6 fxe6 31. Qxe6 Qg7 32. Bf3 fxg3 33. Bxd5 Rf8
34. Rb2 g2 35. Ne3 Re8 36. Qg4 1-0

[Event "Hastings Hybrid KO/Open"]
[Site "Hastings"]
[Date "2004.12.28"]
[Round "1"]
[White "Wu, Li"]
[Black "Efimenko, Zahar"]
[Result "1-0"]
[WhiteElo "2236"]
[BlackElo "2594"]
[PlyCount "77"]
[EventDate "2004.12.28"]
[EventType "swiss"]
[EventCountry "ENG"]
[SourceTitle "BCM-0004"]
[Source "bcmchess.co.uk"]
[SourceDate "2005.02.07"]
[SourceVersion "1"]
[SourceVersionDate "2005.02.07"]
[SourceQuality "2"]

1. d4 Nf6 2. c4 g6 3. Nc3 Bg7 4. e4 d6 5. Be2 O-O 6. Nf3 Bg4 7. Be3 Nfd7 8. Rc1
c5 9. d5 Na6 10. h3 Bxf3 11. Bxf3 Nc7 12. O-O e6 13. Be2 exd5 14. exd5 f5 15.
Qd2 Qf6 16. f4 Rfe8 17. Rce1 Kh8 18. Bd3 b5 19. cxb5 Nb6 20. Be2 Rab8 21. Bf2
Qf7 22. Rd1 Ncxd5 23. Nxd5 Qxd5 24. Qxd5 Nxd5 25. Bf3 Nc7 26. a4 Bf8 27. Be1
Ne6 28. Bc3+ Nd4 29. Rxd4 cxd4 30. Bxd4+ Bg7 31. Bxa7 Rbc8 32. Rd1 Rc4 33. a5
Bxb2 34. b6 Bd4+ 35. Rxd4 Rxd4 36. b7 Rb4 37. a6 Kg8 38. Bf2 Rb1+ 39. Kh2 1-0

[Event "Hastings Hybrid KO/Open"]
[Site "Hastings"]
[Date "2004.12.29"]
[Round "2"]
[White "Almond, Richard JA"]
[Black "Zude, Erik"]
[Result "0-1"]
[WhiteElo "2149"]
[BlackElo "2385"]
[PlyCount "80"]
[EventDate "2004.12.28"]
[EventType "swiss"]
[EventCountry "ENG"]
[SourceTitle "BCM-0004"]
[Source "bcmchess.co.uk"]
[SourceDate "2005.02.07"]
[SourceVersion "1"]
[SourceVersionDate "2005.02.07"]
[SourceQuality "2"]

1. d4 Nf6 2. c4 g6 3. Nc3 Bg7 4. e4 d6 5. Nf3 O-O 6. Be2 Na6 7. O-O e5 8. Be3
c6 9. Qd2 Ng4 10. Bg5 f6 11. Bh4 Qe8 12. dxe5 dxe5 13. Ne1 Qe7 14. Rd1 Re8 15.
Nc2 Be6 16. Bxg4 Bxg4 17. f3 Be6 18. b3 Nc5 19. Qe3 Bf7 20. Bf2 Bf8 21. Rd2
Red8 22. Rfd1 Qc7 23. Qe2 Ne6 24. g3 a6 25. Be3 b5 26. cxb5 axb5 27. Qf2 b4 28.
Na4 Rxd2 29. Rxd2 c5 30. Ne1 Be8 31. Nb2 Rxa2 32. Nc4 Rxd2 33. Qxd2 Bf7 34. Qa2
Qd7 35. Nd2 Nd4 36. Nc2 Ne2+ 37. Kf2 Nc3 38. Qa6 c4 39. bxc4 Qd3 40. Nxb4 Qe2+
0-1

[Event "Hastings Hybrid KO/Open"]
[Site "Hastings"]
[Date "2004.12.29"]
[Round "2"]
[White "Anderton, Matthew N"]
[Black "Womacka, Mathias"]
[Result "0-1"]
[WhiteElo "2233"]
[BlackElo "2445"]
[PlyCount "79"]
[EventDate "2004.12.28"]
[EventType "swiss"]
[EventCountry "ENG"]
[SourceTitle "BCM-0004"]
[Source "bcmchess.co.uk"]
[SourceDate "2005.02.07"]
[SourceVersion "1"]
[SourceVersionDate "2005.02.07"]
[SourceQuality "2"]

1. e4 c5 2. c3 d5 3. exd5 Qxd5 4. d4 Nf6 5. Nf3 e6 6. Bd3 Be7 7. O-O O-O 8. Be3
Nc6 9. c4 Qh5 10. Be2 Ng4 11. Bf4 Qf5 12. Bc7 cxd4 13. Nxd4 Nxd4 14. Qxd4 Nf6
15. Bf3 Nd7 16. Nc3 Bf6 17. Qe3 Ne5 18. Be2 Bd7 19. Ne4 Ng4 20. Nxf6+ Nxf6 21.
Bd3 Qh5 22. Be2 Qg6 23. Bd3 Qh5 24. Be2 Qg6 25. Bf3 Bc6 26. Bxc6 bxc6 27. Rfd1
Rfc8 28. Bd6 h6 29. f3 Rd8 30. b3 Rd7 31. Rd2 Nd5 32. Qc5 Rad8 33. Bg3 Nc3 34.
Rxd7 Rxd7 35. Qe3 Qc2 36. Be5 Nd1 37. Qe1 Rd2 38. Qg3 g6 39. Bf4 Nc3 40. Kf1
0-1

[Event "Hastings Hybrid KO/Open"]
[Site "Hastings"]
[Date "2004.12.29"]
[Round "2"]
[White "Bluvshtein, Mark"]
[Black "Lyell, Mark"]
[Result "1-0"]
[WhiteElo "2502"]
[BlackElo "2230"]
[PlyCount "49"]
[EventDate "2004.12.28"]
[EventType "swiss"]
[EventCountry "ENG"]
[SourceTitle "BCM-0004"]
[Source "bcmchess.co.uk"]
[SourceDate "2005.02.07"]
[SourceVersion "1"]
[SourceVersionDate "2005.02.07"]
[SourceQuality "2"]

1. e4 e5 2. Nf3 Nc6 3. d4 exd4 4. Nxd4 Nf6 5. Nxc6 bxc6 6. e5 Qe7 7. Qe2 Nd5 8.
c4 Nb6 9. Nc3 d6 10. c5 dxc5 11. Qe4 Qe6 12. Bd3 c4 13. Bc2 Bb7 14. O-O O-O-O
15. b3 Bc5 16. Be3 Bxe3 17. Qxe3 Nd5 18. Nxd5 cxd5 19. bxc4 d4 20. Qg3 h5 21.
Rab1 g6 22. Qb3 Qc6 23. f3 Ba6 24. Be4 Qc5 25. Qa4 1-0

[Event "Hastings Hybrid KO/Open"]
[Site "Hastings"]
[Date "2004.12.29"]
[Round "2"]
[White "Bondar, Tana"]
[Black "Gwaze, Robert"]
[Result "1-0"]
[WhiteElo "2172"]
[BlackElo "2409"]
[PlyCount "167"]
[EventDate "2004.12.28"]
[EventType "swiss"]
[EventCountry "ENG"]
[SourceTitle "BCM-0004"]
[Source "bcmchess.co.uk"]
[SourceDate "2005.02.07"]
[SourceVersion "1"]
[SourceVersionDate "2005.02.07"]
[SourceQuality "2"]

1. g3 g6 2. Bg2 Bg7 3. e4 d6 4. d4 Nf6 5. Ne2 O-O 6. O-O Nfd7 7. c4 c5 8. d5 b5
9. cxb5 a6 10. bxa6 Bxa6 11. Nbc3 Ne5 12. b3 Nd3 13. Bd2 Nd7 14. Rb1 Nb4 15.
Ra1 Bd3 16. Kh1 Ne5 17. Nf4 Bxf1 18. Bxf1 Ra3 19. Bb5 Qa5 20. Be2 Ned3 21. Nxd3
Nxd3 22. Bxd3 Bxc3 23. Bxc3 Qxc3 24. Rc1 Qd4 25. Qe2 Rfa8 26. Bb1 Qa1 27. Qc2
Rb8 28. Kg2 Qd4 29. Rd1 Qb4 30. Rc1 Ra7 31. Qc3 Qb7 32. Qd2 Qd7 33. Bd3 Rba8
34. a4 Rf8 35. h3 Rb8 36. Bc4 e5 37. dxe6 fxe6 38. Rd1 Rd8 39. Qg5 Rf8 40. Rd2
Qf7 41. Qg4 Re7 42. f4 Rd8 43. f5 Qf6 44. fxe6 Kg7 45. Rf2 Qd4 46. Qf4 h6 47.
h4 h5 48. Bd5 Ra7 49. Qd2 Qxd2 50. Rxd2 Kf6 51. Rf2+ Kg7 52. Rf7+ Rxf7 53. exf7
Rb8 54. Kf3 Rb4 55. Kf4 Rd4 56. a5 Rd1 57. a6 Ra1 58. Bc4 d5 59. Bxd5 Rxa6 60.
e5 Ra1 61. e6 Kf8 62. Kg5 Ke7 63. Kxg6 Rg1 64. Kxh5 Rxg3 65. Bc4 Kf8 66. Kh6
Ke7 67. h5 Kf8 68. Bd5 Rd3 69. Kg6 Ke7 70. Bc4 Rg3+ 71. Kf5 Rh3 72. Kg4 Rh1 73.
Kg5 Rg1+ 74. Kf4 Rh1 75. Be2 Rb1 76. h6 Rxb3 77. Bg4 Rb1 78. Kg5 Rh1 79. Bf5 c4
80. h7 c3 81. Kg6 Rg1+ 82. Kh6 Rh1+ 83. Kg7 Rg1+ 84. Bg6 1-0

[Event "Hastings Hybrid KO/Open"]
[Site "Hastings"]
[Date "2004.12.29"]
[Round "2"]
[White "Cafferty, Bernard"]
[Black "McNab, Colin Anderson"]
[Result "0-1"]
[WhiteElo "2218"]
[BlackElo "2434"]
[PlyCount "66"]
[EventDate "2004.12.28"]
[EventType "swiss"]
[EventCountry "ENG"]
[SourceTitle "BCM-0004"]
[Source "bcmchess.co.uk"]
[SourceDate "2005.02.07"]
[SourceVersion "1"]
[SourceVersionDate "2005.02.07"]
[SourceQuality "2"]

1. Nf3 g6 2. c4 Bg7 3. Nc3 d6 4. d4 Nd7 5. g3 e5 6. Bg2 Ne7 7. O-O O-O 8. h3
Rb8 9. d5 a6 10. e4 b5 11. cxb5 axb5 12. b4 Nb6 13. Qd3 Bd7 14. Rb1 h6 15. Nd2
Qc8 16. Kh2 c6 17. dxc6 Qxc6 18. Rd1 Rfd8 19. Nd5 Nexd5 20. exd5 Qa8 21. Rb3
Nc4 22. a3 f5 23. Nf1 e4 24. Qe2 Qa4 25. Qa2 Rdc8 26. Re1 Ne5 27. Bf4 Rb7 28.
Ne3 Rbc7 29. h4 Rc3 30. Reb1 Kh7 31. Kg1 Nd3 32. Bxd6 Nc1 33. Rxc3 Nxa2 0-1

[Event "Hastings Hybrid KO/Open"]
[Site "Hastings"]
[Date "2004.12.29"]
[Round "2"]
[White "Efimenko, Zahar"]
[Black "Pert, Nicholas"]
[Result "1/2-1/2"]
[WhiteElo "2594"]
[BlackElo "2501"]
[PlyCount "274"]
[EventDate "2004.12.28"]
[EventType "swiss"]
[EventCountry "ENG"]
[SourceTitle "BCM-0004"]
[Source "bcmchess.co.uk"]
[SourceDate "2005.02.07"]
[SourceVersion "1"]
[SourceVersionDate "2005.02.07"]
[SourceQuality "2"]

1. e4 e6 2. d4 d5 3. Nc3 Bb4 4. e5 c5 5. a3 Bxc3+ 6. bxc3 Qc7 7. Qg4 f5 8. Qg3
Ne7 9. Qxg7 Rg8 10. Qxh7 cxd4 11. Qh5+ Kd8 12. Kd1 Bd7 13. Ne2 dxc3 14. Qf3
Nbc6 15. Qxc3 Nxe5 16. Qxc7+ Kxc7 17. h4 Bb5 18. h5 N7c6 19. h6 Bxe2+ 20. Kxe2
Nd4+ 21. Kd2 Rg6 22. Bb2 Nec6 23. Rd1 Rh8 24. Kc1 e5 25. h7 Rg7 26. f4 Rgxh7
27. Rxh7+ Rxh7 28. fxe5 Rh4 29. g3 Rg4 30. Bg2 Ne2+ 31. Kd2 Rxg3 32. Bxd5 Nf4
33. Bf7 Kd7 34. Rf1 Rg4 35. Rh1 Ne6 36. Rh6 Ncd8 37. Bg6 Rg2+ 38. Kc3 Ng7 39.
Bh7 Nde6 40. Rf6 Rg3+ 41. Kb4 Rg4+ 42. Kb3 Rg3+ 43. Kb4 Rg2 44. Bc1 Rxc2 45.
Bh6 Rg2 46. Bg6 Rg4+ 47. Kc3 Rg3+ 48. Kb2 Rg2+ 49. Kc1 b5 50. Bxg7 Nxg7 51.
Rf7+ Ke6 52. Rxg7 Kxe5 53. Rg8 Kd4 54. Rd8+ Kc3 55. Rc8+ Kb3 56. Be8 Kxa3 57.
Bxb5 a5 58. Bd3 f4 59. Rc3+ Kb4 60. Rc4+ Kb3 61. Rxf4 a4 62. Rf3 Kb4 63. Bc2
Rg4 64. Kb2 Rc4 65. Rf8 a3+ 66. Kc1 Rc5 67. Rf2 Rc4 68. Kb1 Rc3 69. Ka2 Rc4 70.
Ka1 Rc3 71. Bb1 Rc4 72. Rf8 Rc5 73. Rb8+ Rb5 74. Rh8 Rg5 75. Rh4+ Kb3 76. Ba2+
Kc3 77. Rc4+ Kd3 78. Ra4 Kc2 79. Rc4+ Kd3 80. Rc8 Rg2 81. Bb1+ Kd4 82. Ra8 Rg3
83. Ka2 Kc5 84. Rb8 Rf3 85. Bc2 Rc3 86. Bb3 Kd4 87. Kxa3 Rc7 88. Kb4 Rd7 89.
Bc4 Rd6 90. Bb5 Ke5 91. Rh8 Rd4+ 92. Kc3 Rf4 93. Bd3 Rg4 94. Rh5+ Kd6 95. Ra5
Rh4 96. Bc4 Rh3+ 97. Kb4 Rh8 98. Rd5+ Ke7 99. Rf5 Kd6 100. Ra5 Rb8+ 101. Kc3
Rh8 102. Rd5+ Kc6 103. Re5 Kd6 104. Re6+ Kc5 105. Ra6 Rh3+ 106. Bd3 Rh4 107.
Ra5+ Kd6 108. Bf5 Rf4 109. Kd3 Rb4 110. Be4 Rb1 111. Kc4 Rb8 112. Bf5 Rb6 113.
Bd3 Ke7 114. Ra7+ Kf6 115. Kd5 Rb8 116. Kd4 Rd8+ 117. Ke4 Re8+ 118. Kf4 Ke6
119. Be4 Rf8+ 120. Ke3 Rb8 121. Ra6+ Ke5 122. Ra5+ Kd6 123. Bd5 Rb1 124. Bc4
Rd1 125. Rh5 Rg1 126. Bd3 Rg4 127. Be4 Rg1 128. Kd4 Rd1+ 129. Bd3 Re1 130. Ra5
Rd1 131. Ra6+ Ke7 132. Ke3 Re1+ 133. Kf4 Rd1 134. Bf5 Rd6 135. Ra8 Rb6 136. Rh8
Kd6 137. Be4 Rb5 1/2-1/2

[Event "Hastings Hybrid KO/Open"]
[Site "Hastings"]
[Date "2004.12.29"]
[Round "2"]
[White "Greet, Andrew"]
[Black "Kravchenja, Anast"]
[Result "1-0"]
[WhiteElo "2362"]
[BlackElo "2063"]
[PlyCount "107"]
[EventDate "2004.12.28"]
[EventType "swiss"]
[EventCountry "ENG"]
[SourceTitle "BCM-0004"]
[Source "bcmchess.co.uk"]
[SourceDate "2005.02.07"]
[SourceVersion "1"]
[SourceVersionDate "2005.02.07"]
[SourceQuality "2"]

1. d4 Nf6 2. c4 d6 3. Nf3 Nbd7 4. Nc3 e5 5. e4 Be7 6. g3 c6 7. Bg2 O-O 8. O-O
Qc7 9. h3 a6 10. Be3 Re8 11. Rc1 Bd8 12. Qc2 Nf8 13. dxe5 dxe5 14. c5 h6 15.
Na4 Be6 16. Nb6 Rb8 17. Nd2 Qe7 18. Nbc4 Bc7 19. Nb3 Red8 20. f4 Bxc4 21. Qxc4
Ne6 22. Rf3 Rd7 23. f5 Nf8 24. g4 N8h7 25. Rg3 Rbd8 26. Qe2 Rd3 27. h4 g5 28.
fxg6 fxg6 29. Kh2 g5 30. hxg5 hxg5 31. Qf2 Qe6 32. Bf3 Qd7 33. Kg2 Rf8 34. Qe1
Qc8 35. Qe2 Rfd8 36. Rh1 Qe6 37. Nc1 R3d7 38. Qc2 Ba5 39. Nb3 Bc7 40. Be2 Kg7
41. Bc4 Qe8 42. Rgh3 Re7 43. Rh6 Qd7 44. Qe2 Nf8 45. Rxf6 Kxf6 46. Bxg5+ Kg7
47. Qf3 Re6 48. Bxe6 Qxe6 49. Bxd8 Bxd8 50. Qf5 Qc4 51. Qxe5+ Bf6 52. Qc7+ Kg6
53. Qf4 Ne6 54. Rh6+ 1-0

[Event "Hastings Hybrid KO/Open"]
[Site "Hastings"]
[Date "2004.12.29"]
[Round "2"]
[White "Harman, Ronald FA"]
[Black "Huss, Andreas"]
[Result "0-1"]
[WhiteElo "2057"]
[BlackElo "2332"]
[PlyCount "63"]
[EventDate "2004.12.28"]
[EventType "swiss"]
[EventCountry "ENG"]
[SourceTitle "BCM-0004"]
[Source "bcmchess.co.uk"]
[SourceDate "2005.02.07"]
[SourceVersion "1"]
[SourceVersionDate "2005.02.07"]
[SourceQuality "2"]

1. e4 e6 2. d4 d5 3. Nc3 Bb4 4. Nge2 Ne7 5. a3 Bxc3+ 6. Nxc3 O-O 7. Bd3 Nbc6 8.
Be3 e5 9. exd5 exd4 10. dxc6 dxe3 11. fxe3 Nxc6 12. O-O Qg5 13. Rf4 Ne5 14. Be2
Rd8 15. Qf1 Be6 16. Re1 Rd7 17. Ne4 Qe7 18. b4 b6 19. Bf3 Rad8 20. Ng3 Ng6 21.
Rd4 c5 22. Rxd7 Rxd7 23. c3 Ne5 24. Be4 g6 25. Qf4 Nc4 26. Ra1 Kg7 27. Bc6 Rd3
28. Bb5 Rxc3 29. Rd1 cxb4 30. axb4 f5 31. e4 Qxb4 32. Qc7+ {At this point,
moves are missed on the scoresheet which reads.... Rd5 Rc1+ Nf1 Rxf1+ Kf1 Kf2
Nd5 exd5 Qd4 Kg3} (32. Qc7+ Bf7 33. Rd5 Rc1+ 34. Nf1 Rxf1+ 35. Kxf1 Ne3+ 36.
Kf2 Nxd5 37. exd5 Qd4+ 38. Kg3 {is my suggestion, without having seen the
scoresheet - JS}) 0-1

[Event "Hastings Hybrid KO/Open"]
[Site "Hastings"]
[Date "2004.12.29"]
[Round "2"]
[White "Harper, Ryan"]
[Black "Barsov, Alexei"]
[Result "0-1"]
[WhiteElo "2246"]
[BlackElo "2471"]
[PlyCount "92"]
[EventDate "2004.12.28"]
[EventType "swiss"]
[EventCountry "ENG"]
[SourceTitle "BCM-0004"]
[Source "bcmchess.co.uk"]
[SourceDate "2005.02.07"]
[SourceVersion "1"]
[SourceVersionDate "2005.02.07"]
[SourceQuality "2"]

1. e4 e6 2. d4 d5 3. Nc3 Bb4 4. e5 c5 5. a3 Bxc3+ 6. bxc3 Ne7 7. h4 Qc7 8. Bd2
Nbc6 9. h5 cxd4 10. cxd4 Nxd4 11. Bd3 Bd7 12. Kf1 Bb5 13. Rh4 Nef5 14. Rf4 g5
15. hxg6 hxg6 16. g4 Bxd3+ 17. cxd3 g5 18. Qa4+ b5 19. Qb4 a5 20. Qb1 gxf4 21.
gxf5 Qc2 22. Qxc2 Nxc2 23. Ra2 Nd4 24. fxe6 fxe6 25. Bc3 Nb3 26. Rb2 a4 27. Nf3
Rc8 28. Bd2 Rh1+ 29. Kg2 Rd1 30. Bxf4 Rxd3 31. Ng5 Kd7 32. Nh7 Rc4 33. Be3 d4
34. Bf4 Kc6 35. Nf6 Nc5 36. Rb1 Rxa3 37. Rh1 d3 38. Be3 Nd7 39. Rh7 Nxe5 40.
Ra7 Rg4+ 41. Kh3 d2 42. Ra6+ Kc7 43. Ra7+ Kb8 44. Nd7+ Nxd7 45. Rxd7 Re4 46.
Rxd2 Raxe3+ 0-1

[Event "Hastings Hybrid KO/Open"]
[Site "Hastings"]
[Date "2004.12.29"]
[Round "2"]
[White "Hebden, Mark L"]
[Black "Britton, Richard L"]
[Result "1-0"]
[WhiteElo "2550"]
[BlackElo "2295"]
[PlyCount "107"]
[EventDate "2004.12.28"]
[EventType "swiss"]
[EventCountry "ENG"]
[SourceTitle "BCM-0004"]
[Source "bcmchess.co.uk"]
[SourceDate "2005.02.07"]
[SourceVersion "1"]
[SourceVersionDate "2005.02.07"]
[SourceQuality "2"]

1. d4 Nf6 2. Nf3 g6 3. Nc3 d5 4. Bf4 Bg7 5. e3 O-O 6. Be2 c5 7. Ne5 Nc6 8. O-O
cxd4 9. exd4 Nd7 10. Nxd5 Ndxe5 11. dxe5 Nxe5 12. Bg5 Nc6 13. Bb5 f6 14. Be3
Be6 15. c4 Bf7 16. Bc5 Re8 17. Qa4 e6 18. Nb4 a6 19. Bxc6 bxc6 20. Rfd1 Qc8 21.
Nxc6 Qb7 22. b4 e5 23. Rac1 f5 24. Na5 Qe4 25. Qc6 Qh4 26. Nb7 Rac8 27. Qf3 Bh6
28. Rc3 e4 29. Qh3 Qxh3 30. Rxh3 Bg7 31. Nd6 Red8 32. Rc1 Rc6 33. Nxf7 Kxf7 34.
Rxh7 g5 35. Rh3 a5 36. a3 Bb2 37. Rb1 g4 38. Re3 Be5 39. h3 Bf4 40. hxg4 Bxe3
41. Bxe3 Rxc4 42. gxf5 a4 43. b5 Rc3 44. Rb4 Rxa3 45. b6 Kf6 46. g4 Rxe3 47.
fxe3 a3 48. Ra4 Rb8 49. Rxa3 Rxb6 50. Ra4 Ke5 51. Kf2 Rb3 52. Ra6 Rb2+ 53. Kg3
Re2 54. Ra5+ 1-0

[Event "Hastings Hybrid KO/Open"]
[Site "Hastings"]
[Date "2004.12.29"]
[Round "2"]
[White "Houska, Jovanka"]
[Black "Kotronias, Vasilios"]
[Result "0-1"]
[WhiteElo "2298"]
[BlackElo "2599"]
[PlyCount "190"]
[EventDate "2004.12.28"]
[EventType "swiss"]
[EventCountry "ENG"]
[SourceTitle "BCM-0004"]
[Source "bcmchess.co.uk"]
[SourceDate "2005.02.07"]
[SourceVersion "1"]
[SourceVersionDate "2005.02.07"]
[SourceQuality "2"]

1. e4 c5 2. Nf3 Nc6 3. Bb5 g6 4. O-O Bg7 5. c3 Nf6 6. Re1 O-O 7. d4 d5 8. e5
Ne4 9. Bxc6 bxc6 10. Nbd2 Bf5 11. Nh4 e6 12. Nxf5 exf5 13. Nf1 cxd4 14. cxd4
Qb6 15. Re3 c5 16. Rb3 Qc7 17. f3 cxd4 18. fxe4 dxe4 19. Qxd4 Bxe5 20. Qa4 Rfe8
21. Bd2 f4 22. Re1 e3 23. Bxe3 fxe3 24. Rbxe3 Re6 25. Kh1 Rb8 26. b3 Rf6 27.
Nd2 Rf4 28. Qa3 Bd6 29. Re8+ Rxe8 30. Rxe8+ Kg7 31. Qb2+ f6 32. Nf3 Be7 33. Qd2
Re4 34. h3 Bb4 35. Qd8 Qc1+ 36. Kh2 Rxe8 37. Qxe8 Bd6+ 38. g3 Qc2+ 39. Kg1 Bc5+
40. Kh1 Qb1+ 41. Qe1 Qxa2 42. b4 Bb6 43. Qe7+ Qf7 44. Qe4 Qd7 45. Kg2 Qd6 46.
b5 Bc7 47. Qe1 Kf7 48. Qf2 Bb6 49. Qa2+ Qe6 50. Qd2 Ke7 51. Qb4+ Ke8 52. Qd2
Qc4 53. Qb2 h5 54. h4 Ke7 55. Qa3+ Kd7 56. Qb2 Ke6 57. Ne1 Qe4+ 58. Nf3 Kf5 59.
Qd2 Ke6 60. Qa2+ Kd6 61. Qa3+ Kd5 62. Qb2 Kc4 63. Qc1+ Kxb5 64. Qf1+ Kc6 65.
Kh2 Qc2+ 66. Kh3 Qf5+ 67. Kh2 Qd5 68. Qe2 Kd7 69. Kg2 a5 70. Qb2 Qc5 71. Kh3
Qf5+ 72. Kg2 Kc6 73. Qa1 Kb7 74. Qa2 Qd7 75. Qc2 Qe8 76. Qd3 f5 77. Ng5 Qc6+
78. Kh2 a4 79. Nf7 Bc7 80. Nd8+ Bxd8 81. Qxd8 Qc2+ 82. Kh3 Qe4 83. Qd7+ Kb6 84.
Kh2 f4 85. Qd6+ Kb5 86. Qb8+ Kc4 87. Qc7+ Kd3 88. gxf4 Kd2 89. Qd6+ Ke2 90. Qe5
Kf3 91. Qc3+ Qe3 92. Qc6+ Kf2 93. Qc2+ Qe2 94. Qxg6 Ke3+ 95. Kg3 Qf3+ 0-1

[Event "Hastings Hybrid KO/Open"]
[Site "Hastings"]
[Date "2004.12.29"]
[Round "2"]
[White "Howell, David W"]
[Black "Benediktovich, Mikhail"]
[Result "1-0"]
[WhiteElo "2340"]
[BlackElo "2055"]
[PlyCount "79"]
[EventDate "2004.12.28"]
[EventType "swiss"]
[EventCountry "ENG"]
[SourceTitle "BCM-0004"]
[Source "bcmchess.co.uk"]
[SourceDate "2005.02.07"]
[SourceVersion "1"]
[SourceVersionDate "2005.02.07"]
[SourceQuality "2"]

1. e4 e6 2. d4 d5 3. Nd2 dxe4 4. Nxe4 Nd7 5. g3 Ngf6 6. Nxf6+ Nxf6 7. Bg2 c5 8.
Nf3 cxd4 9. Qxd4 Qxd4 10. Nxd4 a6 11. Bf4 Be7 12. O-O-O Ng4 13. Rhe1 Nxf2 14.
Rd2 Ng4 15. Nc6 Bf6 16. h3 Nh6 17. g4 Bh4 18. g5 O-O 19. Ne7+ Kh8 20. Red1 e5
21. Be3 Nf5 22. Rd8 Be6 23. Rxa8 Rxa8 24. Nxf5 Bxf5 25. Bxb7 Rb8 26. Bxa6 f6
27. c4 fxg5 28. c5 g4 29. hxg4 Bxg4 30. c6 h5 31. c7 Rf8 32. b4 e4 33. b5 Rf3
34. b6 Bg3 35. Be2 Rxe3 36. Bxg4 Rc3+ 37. Kd2 Bxc7 38. Kxc3 Be5+ 39. Kc4 hxg4
40. Kd5 1-0